The life era : cosmic selection and conscious evolution /

Bibliographic Details
Main Author: Chaisson, Eric
Format: Book
Language:English
Published: New York : Atlantic Monthly Press, [1987]
Edition:1st ed.
Series:Evolutionary synthesis series.
Subjects:

MARC

Tag First Indicator Second Indicator Subfields
LEADER 00000cam a2200000 a 4500
001 in00000008056
005 20151002070126.0
008 870105s1987 nyua b 00010 eng
010 |a  86032296  
020 |a 0871130629 
035 |a (OCoLC)15108372 
035 |9 AAA0411AM 
040 |a DLC  |c DLC  |d TXA  |d UtOrBLW 
050 0 0 |a QB981  |b .C416 1987 
082 0 |a 523.1  |2 19 
100 1 |a Chaisson, Eric. 
245 1 4 |a The life era :  |b cosmic selection and conscious evolution /  |c Eric Chaisson ; illustrated by Lola Judith Chaisson. 
250 |a 1st ed. 
264 1 |a New York :  |b Atlantic Monthly Press,  |c [1987] 
264 4 |c ©1987 
300 |a vii, 259 pages :  |b illustrations ;  |c 24 cm. 
336 |a text  |b txt  |2 rdacontent 
337 |a unmediated  |b n  |2 rdamedia 
338 |a volume  |b nc  |2 rdacarrier 
490 1 |a Evolutionary synthesis series 
500 |a The present volume is the second entry of a planned trilogy of semi-technical works on cosmic evolution. 
504 |a Bibliography: pages 257-259. 
650 0 |a Cosmology. 
650 0 |a Life  |x Origin. 
830 0 |a Evolutionary synthesis series. 
999 |a MARS 
999 f f |s c1840713-01ef-3778-804a-6a2797566540  |i 29a03c3f-26ca-3b11-a857-0d6cbd9729c9  |t 0 
952 f f |p normal  |a Texas A&M University  |b College Station  |c Sterling C. Evans Library  |d Evans: Library Stacks  |t 0  |e QB981 .C416 1987  |h Library of Congress classification  |i unmediated -- volume  |m A14810763932 
998 f f |a QB981 .C416 1987  |t 0  |l Evans: Library Stacks